| 000 | 00438nam a22001817a 4500 | ||
|---|---|---|---|
| 003 | MPLRDC | ||
| 005 | 20220104142921.0 | ||
| 008 | 210129b ||||| |||| 00| 0 eng d | ||
| 082 | _a833 ZKH c.2 | ||
| 100 | _a朱昆槐选注 | ||
| 245 |
_a春梦秋云 _c |
||
| 250 | _a二版 | ||
| 260 |
_a _b长桥出版社 _c1980 |
||
| 300 | _b平 | ||
| 490 | _a中国古典文学精选丛书. 2 | ||
| 650 | _a词总集 | ||
| 942 |
_cBK _o833 ZKH c.2 |
||
| 999 |
_c34863 _d34853 |
||